[Event "TUR-chT"]
[Site "Kocaeli"]
[Date "2017.07.30"]
[Round "5.1"]
[White "Tofan, Ibrahim"]
[Black "Kiremitciyan, Ari"]
[Result "0-1"]
[WhiteElo "2194"]
[BlackElo "2240"]
[PlyCount "110"]
[EventDate "2017.07.26"]
[EventType "team-tourn"]
[EventRounds "13"]
[EventCountry "TUR"]
[SourceTitle "CBM 179 Extra"]
[Source "ChessBase"]
[SourceDate "2017.08.23"]
[SourceVersion "1"]
[SourceVersionDate "2017.08.23"]
[SourceQuality "1"]
[WhiteTeam "Karaman Belediye"]
[BlackTeam "Istanbul Bogazici Univ"]
[WhiteTeamCountry "TUN"]
[BlackTeamCountry "TUR"]

1. e4 c5 2. b3 b6 3. g3 Bb7 4. Bg2 Nf6 5. d3 e6 6. c4 Be7 7. Nc3 d6 8. Nge2 Nc6 9. d4 cxd4 10. Nxd4 Ne5 11. 0-0 Qb8 12. f4 Ned7 13. f5 e5 14. Nc2 h6 15. Ne3 0-0 16. g4 Nc5 17. Qc2 a6 18. h4 Nh7 19. Qf2 Qd8 20. g5 hxg5 21. Ned5 Nd3 22. Qxb6 Bxd5 23. Nxd5 Nxc1 24. Qxd8 Bxd8 25. Raxc1 gxh4 26. Rfd1 a5 27. Rc3 Rb8 28. Rcd3 Nf6 29. Nc3 Bb6+ 30. Kf1 Bc5 31. Bf3 g5 32. fxg6 fxg6 33. Kg2 g5 34. Kh3 Kh7 35. R1d2 Kh6 36. Re2 Nh5 37. Nd5 Nf4+ 38. Nxf4 Rxf4 39. Bg4 Rbf8 40. Bf5 Kh5 41. Rg2 R8xf5 42. exf5 g4+ 43. Kh2 h3 44. Rgg3 Kh4 45. a3 Bf2 46. Rxh3+ gxh3 47. Rxh3+ Kg5 48. Kg2 Bc5 49. a4 e4 50. Rh8 Kxf5 51. Ra8 e3 52. Re8 Re4 53. Rf8+ Ke5 54. Kf3 Kd4 55. Ke2 Rh4 0-1

[Event "Mersin op 1st"]
[Site "Mersin"]
[Date "2016.10.29"]
[Round "9"]
[White "Sredojevic, Ivan"]
[Black "Tofan, Ibrahim"]
[Result "1-0"]
[WhiteElo "2386"]
[BlackElo "2157"]
[PlyCount "91"]
[EventDate "2016.10.23"]
[EventType "swiss"]
[EventRounds "9"]
[EventCountry "TUR"]
[SourceTitle "EXT 2018"]
[Source "ChessBase"]
[SourceDate "2017.10.13"]
[SourceVersion "1"]
[SourceVersionDate "2017.10.13"]
[SourceQuality "1"]

1. e4 e6 2. d4 d5 3. Nc3 dxe4 4. Nxe4 Bd7 5. Nf3 Bc6 6. Bd3 Bxe4 7. Bxe4 c6 8. 0-0 Nf6 9. Bd3 Bd6 10. Re1 Nbd7 11. Qe2 Qc7 12. b3 0-0 13. Bb2 Rfe8 14. c4 b6 15. Rad1 Bb4 16. Rf1 Bd6 17. h3 e5 18. dxe5 Nxe5 19. Rfe1 Ng6 20. Qc2 Rxe1+ 21. Rxe1 Re8 22. Bxf6 Rxe1+ 23. Nxe1 gxf6 24. Be4 Qe7 25. Nf3 c5 26. g3 Be5 27. Kg2 Qd6 28. h4 Bd4 29. h5 Nf8 30. Bd5 Ne6 31. Qf5 Bb2 32. Be4 Nf8 33. Qg4+ Kh8 34. Nh4 f5 35. Nxf5 Qf6 36. Bd5 Bd4 37. Nxd4 cxd4 38. Qf3 Kg7 39. h6+ Kg6 40. Be4+ Kg5 41. Qxf6+ Kxf6 42. f4 Ne6 43. Bxh7 Nc5 44. Kf3 a5 45. Bf5 d3 46. g4 1-0

[Event "Mersin op 1st"]
[Site "Mersin"]
[Date "2016.10.27"]
[Round "7"]
[White "Shanava, Konstantine"]
[Black "Tofan, Ibrahim"]
[Result "1-0"]
[WhiteElo "2545"]
[BlackElo "2157"]
[PlyCount "81"]
[EventDate "2016.10.23"]
[EventType "swiss"]
[EventRounds "9"]
[EventCountry "TUR"]
[SourceTitle "EXT 2018"]
[Source "ChessBase"]
[SourceDate "2017.10.13"]
[SourceVersion "1"]
[SourceVersionDate "2017.10.13"]
[SourceQuality "1"]

1. e4 e6 2. d4 d5 3. Nd2 dxe4 4. Nxe4 Nd7 5. Nf3 Ngf6 6. Nxf6+ Nxf6 7. Bc4 a6 8. a4 c5 9. 0-0 cxd4 10. Qe2 Be7 11. Rd1 0-0 12. Rxd4 Qe8 13. Bd3 Bd7 14. Ne5 Bc6 15. Bg5 Rd8 16. Rh4 g6 17. Bh6 Nd7 18. Nxc6 bxc6 19. Rh3 a5 20. Qe1 Bf6 21. Bxf8 Qxf8 22. Qxa5 Bxb2 23. Rb1 Be5 24. Qe1 Qc5 25. Bf1 Ra8 26. Rh4 Bd4 27. a5 e5 28. a6 Qxc2 29. Rxd4 exd4 30. Rc1 Qa4 31. Qe4 Rxa6 32. Bxa6 Qxa6 33. Qxd4 Qb7 34. h3 c5 35. Qd6 Qa7 36. Re1 Kg7 37. Re7 Qa1+ 38. Kh2 Nf6 39. Qe6 Kh6 40. Rxf7 Nh5 41. Qe3+ 1-0

[Event "TUR-chT2"]
[Site "Konya"]
[Date "2016.07.19"]
[Round "5.1"]
[White "Tofan, Ibrahim"]
[Black "Ertan, Can"]
[Result "0-1"]
[WhiteElo "2204"]
[BlackElo "2392"]
[PlyCount "90"]
[EventDate "2016.07.17"]
[EventType "team-swiss"]
[EventRounds "9"]
[EventCountry "TUR"]
[SourceTitle "CBM 173 Extra"]
[Source "ChessBase"]
[SourceDate "2016.08.29"]
[SourceVersion "1"]
[SourceVersionDate "2016.08.29"]
[SourceQuality "1"]
[WhiteTeam "Karaman Belediye"]
[BlackTeam "Canakkale Gokceada"]
[WhiteTeamCountry "TUR"]
[BlackTeamCountry "TUR"]

1. Nf3 Nf6 2. c4 e6 3. g3 d5 4. cxd5 exd5 5. Bg2 Bd6 6. 0-0 0-0 7. b3 Re8 8. Bb2 Bg4 9. d3 Nbd7 10. Nbd2 a5 11. h3 Bh5 12. Re1 Nc5 13. Qc2 a4 14. b4 Ncd7 15. a3 c5 16. bxc5 Nxc5 17. Bd4 Nfd7 18. Qb2 Bf8 19. Bxc5 Nxc5 20. d4 Bxf3 21. Bxf3 Ne4 22. Bxe4 dxe4 23. e3 Qd7 24. Kg2 b5 25. Rec1 h5 26. Rc3 h4 27. Rac1 Qd5 28. g4 Rab8 29. Qc2 f5 30. gxf5 Qxf5 31. Qa2+ Kh7 32. Rc7 Re6 33. Kf1 Rf6 34. f4 Qxh3+ 35. Ke2 Qg4+ 36. Kf2 Rg6 37. Rf1 Bd6 38. Rf7 Rc8 39. Qb1 Qg2+ 40. Ke1 Bxa3 41. Rf2 Qg1+ 42. Ke2 Rc1 43. Qxe4 Re1+ 44. Kd3 Qxf2 45. f5 Qe2+ 0-1